El Procedimiento sancionador por infracciones laborales : jurisprudencia, legislación y formularios / Juan Carlos Rodríguez Hergueta jurisprudencia, legislación y formularios / Juan Carlos Rodríguez Hergueta
ISBN:
84-7016-436-8
Descripción Física:
443 p. ; 20 cm
MARC
| LEADER | 00000nam a2200000Ia 4500 | ||
|---|---|---|---|
| 001 | 18337 | ||
| 008 | 160829s1988 xx 000 0 cat d | ||
| 020 | |a 84-7016-436-8 | ||
| 080 | |a D-3-127 | ||
| 100 | |a Rodríguez Hergueta, Juan Carlos |9 23519 | ||
| 245 | |a El Procedimiento sancionador por infracciones laborales : |b jurisprudencia, legislación y formularios / Juan Carlos Rodríguez Hergueta | ||
| 260 | |a Pamplona : |b Aranzadi, |c 1988 | ||
| 300 | |a 443 p. ; |c 20 cm | ||
| 650 | |a Procediment del treball |x Legislació |x Espanya |9 23520 | ||
| 650 | |9 23521 |a Dret del treball |x Legislació |x Espanya | ||
| 650 | |a Jurisprudència laboral |x Espanya |9 23522 | ||
| 901 | |a Arxiu | ||
| 942 | |n 1 | ||
| 952 | |0 1 |1 0 |2 udc |4 0 |5 2 |6 D3127 |7 1 |9 42738 |a Arxiu |b Arxiu |d 2016-12-01 |l 0 |o D-3-127 |p 18337 |r 2016-12-01 00:00:00 |w 2016-12-01 |y ARXIU | ||
| 999 | |c 45244 |d 45244 | ||